01504cgm a22003017a 450000500170000000700100001700800420002702000150006902000180008404000130010208200190011510000410013424501550017524600200033026000400035030000140039065000640040465000650046865000520053365300250058570000230061094200270063399900170066095201530067795201240083095201240095495201240107820201128021101.0vd cgaizm140923t2007 xxx f |||| 0| vneng d- a1413022421 a9781413022421 aEG-ScBUE00222a428.2bHER1 92822aHerzfeld-Pipkin, Nancy,d1951-10aDestinations 2 h[videorecording] :bwriting and grammar for academic success : exam view pro assessment CD-Rom /cNancy Herzfeld-Pipkin, Jill Ortman.30aDestination two a[S. l.] :bThomson Heinle,cc.2007. a1 CD-ROM. 0913890aEnglish languagexGrammarvProblems, exercises, etc. 0910260aEnglish languagexRhetoricvProblems, exercises, etc. 097241aReport writingvProblems, exercises, etc. bEEENGcSeptember20141 91440aOrtman, Jill 2ddccCDRk428.2 HER TR c18413d18385 00102ddc3Lost In Inventory_2015-8-2340708BaccahaMAINbMAINc2NDd2014-09-25epurchasel0o428.2 HER TRp000036385r2022-08-24 00:00:00yCDVDTR 00102ddc40708BaccahaMAINbMAINc2NDd2014-09-25epurchasel0o428.2 HER TRp000036386r2022-08-24 00:00:00yCDVDTR 00102ddc40708BaccahaMAINbMAINc2NDd2014-09-25epurchasel0o428.2 HER TRp000036387r2022-08-24 00:00:00yCDVDTR 00102ddc40708BaccahaMAINbMAINc2NDd2014-09-25epurchasel0o428.2 HER TRp000036388r2022-08-24 00:00:00yCDVDTR